000 00689nam a2200205 i 4500
001 44740
003 ES-MaACL
005 20260617125144.0
007 t|
008 030324s1945 ag ||||1| spa d
100 _aClaudel, Paul,
_d1868-1955
_9239252
245 1 3 _aLa Anunciación a María /
_cPaul Claudel ; [versión castellana e introducción de Angel J. Battistessa].
260 _aBuenos Aires :
_bEmecé,
_c[1945] (
_fFrancisco A. Colombo)
300 _a257 p., 1 lám. :
_b1 retr. aut. ;
_c23 cm.
490 1 _aTeatro del mundo
700 1 _aBattistessa, Angel J.
_926485
830 0 _aTeatro del mundo
_9184334
852 _aES-MaACL
_jG-1771
_bR.27204
999 _c44740
_d44740